000 00449nam a2200193Ia 4500
005 20240823015635.0
008 240823s9999||||xx |||||||||||||| ||und||
020 _a0-19-567000-0
041 _aENGLISH
082 _A411 P4
100 _a"Seely,John"
245 0 _aWriting Reports
250 _a1st
260 _c2004
_bOxford University
_aNew Delhi
500 _aTRANSFERED
650 _aWriting
_bEnglish
942 _cBK
999 _c172895
_d172895